Works for piano, toy piano & prepared piano. Vol. III /

Bibliographic Details
Main Author: Cage, John
Other Authors: Pierce, Joshua, 1950- (Performer), Ajemian, Maro (Performer), Crispell, Marilyn (Performer), Kubera, Joseph (Performer)
Format: CD Audio
Published: Mainz, Germany : Wergo, [1991]
Series:Cage, John. Works.
Subjects:

MARC

Tag First Indicator Second Indicator Subfields
LEADER 00000cjm a2200000Ia 4500
001 in00001688872
005 20151024134432.0
007 sd fungnn---ee
008 970826p19911976gw mun efhi d
028 0 3 |a WER 6158-2  |b Wergo 
028 0 0 |a 286 158-2  |b Wergo 
035 |a (OCoLC)ocm24436993 
040 |a INU  |c INU  |d TKN  |d NPC  |d GZM  |d TXA  |d UtOrBLW 
041 0 |g eng 
047 |a su  |a bt 
049 |a TXAM 
090 |a M22.C24  |b W67 1991 v. 3 
100 1 |a Cage, John. 
240 1 0 |a Instrumental music.  |k Selections 
245 1 0 |a Works for piano, toy piano & prepared piano.  |n Vol. III /  |c John Cage. 
264 1 |a Mainz, Germany :  |b Wergo,  |c [1991] 
264 4 |c ℗1991 
300 |a 1 sound disc (71 min., 26 sec.) :  |b digital ;  |c 4 3/4 in. 
306 |a 000538  |a 001520  |a 001137  |a 003210  |a 000610 
336 |a performed music  |b prm  |2 rdacontent 
337 |a audio  |b s  |2 rdamedia 
338 |a audio disc  |b sd  |2 rdacarrier 
490 1 |a Edition John Cage 
500 |a Wergo: WER 6158-2. Additional number on container: 286 158-2. 
500 |a Title from container. 
511 0 |a Joshua Pierce, piano, toy piano ; Maro Ajemian, piano (4th work) ; Marilyn Crispell, Joe Kubera, toy pianos (3rd work). 
518 |a Recorded 1976 through 1989. 
500 |a Eds. recorded: Edition Peters; Henmar Press. 
500 |a Compact disc. 
500 |a Analog recordings. 
500 |a Program notes by Eric Salzman (12 pages : ports.) inserted in container. 
505 0 |a Suite for toy piano (5:38) -- The seasons : ballet in one act : (version for piano) (15:20) -- Music for amplified toy pianos : (version for three toy pianos) (11:37) -- A book of music : for two prepared pianos (32:10) -- Suite for toy piano : (version for piano) (6:10). 
500 |a Sound recording. 
650 0 |a Suites (Piano) 
650 0 |a Ballets. 
650 0 |a Piano music. 
650 0 |a Piano ensembles. 
650 0 |a Electronic music. 
650 0 |a Piano music (Pianos (2)) 
700 1 |a Pierce, Joshua,  |d 1950-  |e performer. 
700 1 |a Ajemian, Maro,  |e performer. 
700 1 |a Crispell, Marilyn,  |e performer. 
700 1 |a Kubera, Joseph,  |e performer. 
700 1 2 |a Cage, John.  |t Suite,  |m piano. 
700 1 2 |a Cage, John.  |t Seasons;  |o arranged. 
700 1 2 |a Cage, John.  |t Music,  |m toy pianos (3) 
700 1 2 |a Cage, John.  |t Book of music. 
740 0 2 |a Seasons. 
740 0 2 |a Book of music. 
800 1 |a Cage, John.  |t Works.  |k Selections (Wergo) 
948 |a cataloged  |b h  |c 2002/6/24  |d c  |e fpiscitelli  |f 11:15:14 am 
994 |a E0  |b TXA 
999 |a MARS 
999 f f |s c47a8e3a-a4aa-3ffc-a32d-d954626f63ef  |i cce5926d-efbb-3b3d-be67-13b4b8bd66a7  |t 0 
952 f f |p ric  |a Texas A&M University  |b Rellis Campus  |c Joint Library Facility  |d Remote Storage  |t 0  |e M22.C24 W67 1991 v.3  |h Library of Congress classification  |i audio -- audio disc  |m A14829971047 
998 f f |a M22.C24 W67 1991 v.3  |t 0  |l Remote Storage